000 00526nam a2200181Ia 4500
008 090123s9999 xx 000 0 und d
082 _b15267
100 _aसोवनी म.वि.
245 _aकला दर्शन
250 _a1
260 _bअतुल बुक एजन्सी प्रकाशन
300 _a60
600 _aसोवनी म.वि.
630 _aकला दर्शन
700 _aसोवनी म.वि.
730 _aकला दर्शन
942 _cBOOK
999 _c53328
_d53328